| 000 | 00724cam a2200229 a 4500 | ||
|---|---|---|---|
| 001 | 000006001 | ||
| 005 | 20200929151859.0 | ||
| 008 | 850422s1985 pr a 001 p spa d | ||
| 020 | _a0940238802 | ||
| 040 |
_aDO-SdBNP _bspa _cLC _dBNPHU |
||
| 082 |
_aPR861.44 _bC796p |
||
| 100 | 1 |
_aCórdova Iturregui, Félix, _d1944- _916903 |
|
| 245 | 1 | 0 |
_aPara llenar de días el día / _cFélix Córdova Iturregui. |
| 260 |
_aRío Piedras, Puerto Rico : _bHuracán, _c1985. |
||
| 300 |
_a56 p. : _bil. ; _c20 cm. |
||
| 490 | 1 | _aLa Flor del Agua | |
| 650 | 4 |
_aPoesía puertorriqueña _91015 |
|
| 650 | 4 |
_aLiteratura puertorriqueña _9250 |
|
| 830 | 0 |
_aLa Flor del Agua _916904 |
|
| 910 | _aCatalogación por copia / LC | ||
| 049 | _aBNGR | ||
| 999 |
_c5797 _d5797 |
||